Race-to-Nine Word Puzzle #18 - Statistics

General Stats
  • This quiz has been taken 1,308 times
  • The average score is 5 of 7
Answer Stats
# Answer % Correct
4 Pees, Seep
100%
3 See
100%
5 Peers, Peres, Perse, Prees, Prese, Speer, Spree
99%
6 Pester, Peters, Petres, Preset,
86%
7 Penster, Present, Repents, Serpent
79%
8 Pretends, Sprented
45%
9 President
21%
No matching quizzes found
Score Distribution
Percent of People with Each Score
Percentile by Number Answered
Your Score History
You have not taken this quiz